000 00635nam a2200181 a 4500
001 000043798
005 20201002044955.0
008 140501s2011 ag a 000 0 spa d
245 0 0 _aBorges lector. :
_bexposición /
_ccuraduría Mercedes Dip, Laura Rosato, Germán Álvarez; prólogo Horacio González.
260 _aArgentina, :
_bBiblioteca Nacional,
_c2011.
300 _a59 p. :
_bil. ;
_c22 cm.
700 1 2 _aDip, Mercedes
_971632
700 1 2 _aRosato, Laura
_971633
700 1 2 _aÁlvarez, Germán
_971634
700 1 2 _aGonzález, Horacio
_eprol.
_959350
710 1 2 _aBiblioteca Nacional de Argentina
_971635
999 _c43287
_d43287
040 _aDO-SdBNP